000 01153nam a2200373 a 4500
003 AR-BaBNM
005 20251128205927.0
008 082120s2002 ||||||||||||||000 | spa||
020 _a84-86587-46-8
040 _cAR-BaBNM
100 1 _aLipman, Matthew
245 0 0 _aInvestigación filosófica
_bmanual del profesor para acompañar a "El descubrimiento de Harry Stottlemeier"
260 _aMadrid
_bEdiciones de La Torre
_c1988
300 _ap. irreg.
490 0 _aProyecto didáctico Quirón
650 4 _aFILOSOFIA
650 4 _aDINAMICA DE GRUPO
650 4 _aJUEGOS EDUCATIVOS
650 4 _aACTIVIDADES DE APRENDIZAJE
650 4 _aEVALUACION
650 4 _aENSEÑANZA DE LA FILOSOFIA
650 4 _aOBJETIVOS EDUCACIONALES
650 4 _aCONTENIDO DEL PROGRAMA
650 4 _aRAZONAMIENTO
653 _aEDUCACION SECUNDARIA
653 _aCONOCIMIENTO CIENTIFICO
653 _aFILOSOFIA PARA NIÑOS
700 1 _aSharp, Ann Margaret
700 1 _aOscanyan, Frederick S.
700 1 _aCox de Pálmer, María Victoria
_etraductor
700 1 _aVillalba Rodríguez, Alberto
_etraductor
942 _cBK
998 _cMARTIN
999 _c13344
_d13344